Minecraft by letter-A - Statistics

General Stats
  • This quiz has been taken 292 times
  • The average score is 11 of 15
Answer Stats
Description First two letters Answer % Correct
Flint ___ Steel AN And
98%
These amphibians can be blue, pink, or other colors AX Axolotl
98%
Rare foods that drop from oak leaves AP Apple
93%
Grayish stone block AN Andesite
89%
Type of tree found in Savana biomes AC Acacia
88%
Used to repair, name, and enchant AN Anvil
85%
Used to hold armor AR Armor stand
81%
Minecraft added llamas to the game instead of these animals AL Alpaca
80%
Respawn _____ AN Anchor
80%
Netherite ore AN Ancient debris
74%
Green plant thing, new in MC, so don’t know much about it. AZ Azalea
53%
Purple block found in small boxes underseas AM Amethyst
51%
Type of villager AR Armorer
43%
Flower AL Allium
38%
Flower AZ Azure Bluet
28%
No matching quizzes found
Score Distribution
Percent of People with Each Score
Percentile by Number Answered
Your Score History
You have not taken this quiz